Abhinavagupta an historical and philosophical study (Record no. 1007807)

MARC details
000 -LEADER
fixed length control field 00793nam a2200265Ia 4500
003 - CONTROL NUMBER IDENTIFIER
control field OSt
005 - DATE AND TIME OF LATEST TRANSACTION
control field 20221005102045.0
008 - FIXED-LENGTH DATA ELEMENTS--GENERAL INFORMATION
fixed length control field 221004b |||||||| |||| 00| 0 eng d
037 ## - SOURCE OF ACQUISITION
Terms of availability Textual
040 ## - CATALOGING SOURCE
Original cataloging agency CRL
Transcribing agency CRL
Language of cataloging eng
041 ## - LANGUAGE CODE
Source of code eng
Language code of text/sound track or separate title eng
100 ## - MAIN ENTRY--PERSONAL NAME
Personal name Pandey Kanti Chandr
9 (RLIN) 622840
245 #0 - TITLE STATEMENT
Title Abhinavagupta an historical and philosophical study
250 ## - EDITION STATEMENT
Edition statement second edition
260 ## - PUBLICATION, DISTRIBUTION, ETC.
Place of publication, distribution, etc. Varanasi
Name of publisher, distributor, etc. Chowkhamba Sanskrit series office India
Date of publication, distribution, etc. 1963
300 ## - PHYSICAL DESCRIPTION
Extent LII,1014p.
Dimensions cm.
490 ## - SERIES STATEMENT
Series statement Choukhamba Sanskrit Studies; Vol. 1
650 ## - SUBJECT ADDED ENTRY--TOPICAL TERM
Topical term or geographic name entry element SANSKRIT LITERATURE
942 ## - ADDED ENTRY ELEMENTS (KOHA)
Classification part O15:gx1,1,3, 111
Koha item type Textual
Source of classification or shelving scheme
Holdings
Withdrawn status Lost status Damaged status Not for loan Home library Current library Date acquired Total Checkouts Full call number Barcode Date last seen Price effective from Koha item type
        Central Library Central Library 2022-10-05   O15:gx1,1,3 111 BL0783502 Bra 2022-10-05 2022-10-05 Textual
Copyright @ Delhi University Library System